00754cam a2200205 a 450000100100000000500170001000800410002704000230006805000240009108200170011510000430013224500880017526000530026330000270031670000300034391000280037304900090040195201210041099900170053100001199420200929162641.0880818s1985 cu a 000 0 spa  aDO-SdBNPcDLCdDLC00aIN PROCESS (ONLINE) annnbM778ó1 aMonterroso, Augustod1921- 200391506513aLa oveja negra y demás fábulas /cAugusto Monterroso ; edición César Ramos. aLa Habana, Cuba :bCasa de las América,c1985. a58 p. :bil. ;c23 cm.1 aRamos Césareed.913341 aCatalogación derivada aBNGR 001052708MOaGRbGRcCTd2009-11-02iLF1l0onnn M778óp11994-10r2020-06-25w2020-06-25y2ZPréstamo interno c11663d11663